| 000 | 00856nam a2200181Ia 4500 | ||
|---|---|---|---|
| 999 |
_c40367 _d40367 |
||
| 001 | 6975 | ||
| 003 | GE_BSU | ||
| 005 | 20190624145923.0 | ||
| 008 | 181216s1975|||| |||||||||||||| ||geo|| | ||
| 080 | _a556(072)+532.57(076) ჰ-58 | ||
| 245 |
_aჰიდროლოგია და ჰიდრომეტრია : მეთოდური მითითებები. / _cშემდგ : ლ.გველესიანი ; რედ : ე. კირვალიძე. |
||
| 264 |
_aთბილისი : _bსპი, _c1975. |
||
| 300 |
_a36 გვ.: _c20 სმ. |
||
| 653 | _aჰიდროლოგია და ჰიდრომეტრია | ||
| 700 |
_aგველესიანი, ლ _eშემდგენელი _92818 |
||
| 700 |
_aკირვალიძე, ე _eრედაქტორი _92819 |
||
| 942 |
_cBK _2udc |
||